| 000 | 00772nam a2200217Ii 4500 | ||
|---|---|---|---|
| 003 | JO-AjNU | ||
| 008 | 230605s9999||||xx |||||||||||||| ||und|| | ||
| 017 | _a2005/4/708 | ||
| 040 |
_aJO-AjNU _bara _erda _cJO-AjNU |
||
| 041 | _aara | ||
| 050 | 1 | 4 | _aBF698.7.S2482.2006 |
| 100 | 3 |
_aسليم،صلاح فؤاد, _eauthor _921738 |
|
| 245 | 0 | 0 | _aالتقويم النفسي |
| 250 | _aط1 | ||
| 264 | 3 | 1 | _aعمان:مكتبة المجتمع العربي للنشر والتوزيع ، 2006 |
| 300 | _a2015ص | ||
| 336 |
_atext _btxt _2rdacontent |
||
| 337 |
_aunmediated _bn _2rdamedia |
||
| 338 |
_avolume _bnc _2rdacarrier |
||
| 650 | 4 |
_aاختبارات الشخصية-الارشاد النفسي-علم النفس الفردي-الشخصية-علم النفس _921739 |
|
| 999 |
_aA7602 _c11170 _d11170 |
||